000 01089nam1a22002171i 4500
001 rc\4875664
005 20240724134334.0
035 _a(NLR Aleph) 008824142
090 _a8241201
_c8241201
100 _a20130426d1961 |||y0rusy50 ca
101 0 _arus
102 _aRU
105 _ay z |||||
200 1 _aХимические средства защиты растений
_e(Тезисы докладов Всесоюз. совещания [по хим. средствам защиты растений])
_eЧ. 1-
_fГос. ком. Совета Министров СССР по химии. Гос. комис. по хим. средствам борьбы с вредителями и болезнями растений и сорняками при МСХ СССР. Всесоюз. хим. о-во им. Д.И. Менделеева. Моск. отд-ние...
210 _aМосква
_cБ. и.
_d1961
215 _d22
333 _aДля служебного пользования
801 0 _aRU
_bNLR
_gpsbo
801 1 _aRU
_bELAR
_2rusmarc
852 _aNLR
_j61-5/1477
942 _cBOOK